000 01148nam a22002657a 4500
999 _c63512
_d63512
005 20240530110645.0
008 171109s2016 jo h f b 000 0dara d
017 _a2015/1/65
_bالمملكة الاردنية الهاشمية . دائرة المكتبة الوطنية
020 _a9789957593989
040 _aEG-CaGPL
_cEG-CaGPL
082 0 4 _221
_a728 /
_bص ب
100 0 _aصفا لطفى الالوسى
245 1 2 _aالبيوت التراثية العربية :
_bاصالتها ، جمالياتها ، ابعادها البيئية ، وتاثيراتها /
_cصفا لطفى الالوسى
250 _aط.1
260 _aعمان :
_bالدار المنهجية للنشر والتوزيع ،
_c2016.
300 _a160 ص. :
_bصور ؛
_c24 سم.
504 _aيشتمل على ارجاعات ببليوجرافية
650 0 7 _2qrmak
_aالعمارة المنزلية
650 0 7 _2qrmak
_aالعمارة القديمة
650 0 7 _2qrmak
_aالتصميم الانشائى
651 _2qrmak
653 0 _aالبيوت الاثرية - عمارة
942 _2ddc
_cBK